00374nam a2200133Ia 4500008004100000041000800041082001400049100002200063245004500085250001400130260005400144300003100198365001100229240624s9999 xx 000 0 und d aeng a658.3 ARM aARMSTRONG MICHAEL aREWARD MANAGEMENT A HANDBOOK OF REMUNERA a(5th ed.) c2008aNew DelhibKogan Page India Private limited axiv, : 722 : p. : cm. ; 23 cRSb33